Normal view
MARC view
- Joby Joseph
Entry Personal Name
001 - CONTROL NUMBER
- control field: 2989
003 - CONTROL NUMBER IDENTIFIER
- control field: OSt
005 - DATE AND TIME OF LATEST TRANSACTION
- control field: 20180303123019.0
008 - FIXED-LENGTH DATA ELEMENTS
- fixed length control field: 180303|| aca||aabn | a|a d
040 ## - CATALOGING SOURCE
- Original cataloging agency: OSt
- Transcribing agency: OSt
100 ## - HEADING--PERSONAL NAME
- Personal name: Joby Joseph
670 ## - SOURCE DATA FOUND
- Source citation: Work cat.: (OSt)15331: ABDULLA HASHIM, P. A 2984, Design fabrication and testing of a solar cabinet drier for spices, 1991
